| 000 | 00674nam a2200169Ia 4500 | ||
|---|---|---|---|
| 008 | 090711s9999 xx 000 0 und d | ||
| 082 | _b34758 | ||
| 100 | _aआपटे गुरुजी | ||
| 245 | _aस्वराज्यामार्गदर्शक लोकमान्य टिळक | ||
| 260 | _c1970 | ||
| 300 | _a134 | ||
| 600 | _aआपटे गुरुजी | ||
| 630 | _aस्वराज्यामार्गदर्शक लोकमान्य टिळक | ||
| 700 | _aआपटे गुरुजी | ||
| 730 | _aस्वराज्यामार्गदर्शक लोकमान्य टिळक | ||
| 942 | _cBOOK | ||
| 999 |
_c332401 _d332401 |
||